MDQL
is popping MORE tags! Check the
thread
!
Quizzes
Events
Quiz Creation
Community
Videos
Private Events
Remove Ads
Sign In
Join for FREE
Feedback
Dark Mode
Quiz Categories
Sports
Geography
Music
Movies
Television
Just For Fun
Miscellaneous
History
Literature
Language
Science
Gaming
Entertainment
Religion
Holiday
For Kids
Quiz Lab
Recent
Popular Today
Quiz Kudos Today
Editor Picks
Curator Picks
Quizzes by...
Day
Popularity
Type
Ratings
Length
Year
Community
Subscriptions
Recent Discussions
Orange Saloon
Badges
Playlists
Quests
Create
Leaderboards
Showdown
Live 5
Trivia Bingo
Activity
Puzzle Library
Sporcle Events
Private Events
Virtual Trivia
Globe League
Become a Host
Pub Owners
SporcleCon
Opinionation
Our Games
Videos
Blog
Mobile Apps
Partnerships
Remove Ads and Go Orange
Feedback
Geography
Country
Landmarks
City
State
Population
World
Capital
Continent
Flags
Europe
Africa
Asia
South America
North America
Oceania
Border
Canada
United Kingdom
Topography
United States
Geography
Country
Landmarks
City
State
Population
World
Capital
Continent
Flags
Europe
Africa
Asia
South America
North America
Oceania
Border
Canada
United Kingdom
Topography
United States
Random Quiz
Search Sporcle
×
Quiz Lab
Quiz Lab
Geography
connecticut
Type in answers that appear in a list
Type in answers that appear in a list
Classic
Best Score? Go Orange.
Townships of Connecticut's 5th Congressional District Stats
Can you name the Townships of Connecticut's 5th Congressional District?
By
DMarshall
5m
41 Questions
22 Plays
22 Plays
22 Plays
Comments
Comments
Give Quiz Kudos
Give Quiz Kudos
-
- Ratings
hide this ad
Random Order
Randomize order of answers
Randomize order of answers
Replay
Link that replays current quiz
Next Quiz
Link to next quiz in quiz playlist
You Got
0%
They Got
Avg Score
73%
Avg Friend Score
Upgrade to see
Score Distribution
Jump to the score distribution portion of the page
Score
0/41
Timer
05:00
0
Plays Today
Organizer
Township
% Correct
Marshall
Waterbury
95.5%
Pillion
Torrington
90.9%
Marshall
Watertown
90.9%
Pillion
Litchfield
86.4%
White
Southbury
86.4%
White
Danbury
86.4%
Sexton
Avon
81.8%
Pillion
Salisbury
81.8%
Pillion
Kent
81.8%
Marshall
Woodbury
81.8%
Janiszewski
Wolcott
81.8%
Marshall
Middlebury
81.8%
White
Bethel
77.3%
Sexton
Canton
77.3%
Sexton
Simsbury
77.3%
White
Newtown
77.3%
Pillion
Roxbury
77.3%
Janiszewski
Cheshire
77.3%
Pillion
Canaan
72.7%
Pillion
Sharon
72.7%
Sexton
Harwinton
72.7%
Organizer
Township
% Correct
Janiszewski
Thomaston
72.7%
Pillion
Morris
72.7%
Pillion
Brookfield
72.7%
Pillion
North Canaan
68.2%
Pillion
Goshen
68.2%
Sexton
Burlington
68.2%
Wallace
Farmington
68.2%
Wallace
Plainville
68.2%
Janiszewski
Plymouth
68.2%
Pillion
Washington
68.2%
Pillion
Sherman
68.2%
Pillion
New Fairfield
68.2%
Wallace
New Britain
63.6%
Pillion
New Milford
63.6%
Janiszewski
Meriden
63.6%
Pillion
Norfolk
59.1%
Pillion
Cornwall
59.1%
Pillion
Warren
59.1%
Pillion
Bethlehem
54.5%
Pillion
Bridgewater
50%
Quiz Playlist
Details
Report
Send in Message
Add To Playlist
Classic:
Type in answers that appear in a list
Random Order:
Randomize order of answers
Last Updated: Feb 16, 2017
Quiz Scoreboard
CHALLENGE
Sign Up to Join the Scoreboard
Show All
Scores
Hide
Comments
May contain spoilers
Recently Published
5x2 Blitz: Bands
by SL_Kpop136
Music
30s
Colored Red Africa Blitz
by spor1
Geography
30s
Find the 'City' Movie
by crazypaving
Movies
60s
More to Explore
Quiz From the Vault
Featured Blog Post
14 Easter Pick-up Lines to Find Eggs With
hide this ad
You Might Also Like...
Tags
5th
connecticut
district
Township
Today's Top Quizzes in Geography
Browse Geography
hide this ad
Today's Top Quizzes in connecticut
Browse connecticut
Top Contributed Quizzes in Geography
1
Countries of the World - No Outlines Minefield
2
Colored Red Europe Blitz I
3
Colored Red Africa Blitz II
4
Colored Red Europe Blitz II
5
Colored Red Africa Blitz III
6
Colored Red Europe Blitz III
7
African Flag Reveal XLVI
8
Colored Red States Blitz I
9
Colored Red States Blitz II
10
Colored Red States Blitz III
Explore More
Trending Topics
Kpop
Marvel
NBA
Harry Potter
Crossword
Anime
Disney
WWE
Soccer
Pokémon
Puzzle
Country
The Office
NFL
Song
hide this ad
More By:
DMarshall
Quiz
Plays
Rating
Category
Featured
Created
Townships of Connecticut's 5th Congressional District
22
3.00
Geography
Jul 1, 2012
New York City Council
15
5.00
History
Jul 28, 2013
Go to Creator's Profile
Score Distribution
Quiz Creator Spotlight
DMarshall
Follow
Send a Message
Quizzes Created
-
Created Quiz Play Count
-
More By This Creator
Popular Quizzes Today
1
Colored Red Africa Blitz
2
Find the 'City' Movie
3
Find the US States - No Outlines Minefield
4
5x2 Blitz: Bands
5
The Countries of the World
6
Find the US States
7
US States
8
9x9 Crossword: Cartoon Network
More Geography Quizzes
Countries by Capitals: C & D
Published
Trending Quizzes
Colored Red Europe Blitz I
Colored Red Europe Blitz II
Colored Red Africa Blitz II
Colored Red Europe Blitz III
Colored Red Africa Blitz III
Recently Updated
How Do You Spell That?
pecheneg
Godzilla Movies
pecheneg
Grab Bag: 4-10 Letters
pecheneg
2024 March Madness Bracket
pecheneg
Famous TV Couples
Peacemaker
Champions League XIs: Real Madrid
pecheneg
Largest US Cities 1790-2010
pecheneg
Rides in Walt Disney World
pecheneg
Most Oscar Losses (Acting)
pecheneg
Beyoncé Albums
pecheneg
Trending Topics
Kpop
NBA
Disney
Marvel
Anime
Harry Potter
Crossword
Country
Soccer
WWE
The Office
Song
Pokémon
Puzzle
NFL
Your Account Isn't Verified!
In order to create a playlist on Sporcle, you need to verify the email address you used during registration. Go to your
Sporcle Settings
to finish the process.
Report this User
Report this user for behavior that violates our
Community Guidelines
.
Details:
Send Report
Go to the Sporcle.com Mobile Site →
Comments